[Event "Fyli op 4th"]
[Site "Fyli"]
[Date "2012.05.19"]
[Round "6"]
[White "Balamotis, Vasilis"]
[Black "Peppa, Ioanna"]
[Result "0-1"]
[WhiteElo "1005"]
[BlackElo "1005"]
[PlyCount "58"]
[EventDate "2012.03.24"]
[EventType "swiss"]
[EventRounds "7"]
[EventCountry "GRE"]
[SourceTitle "EXT 2013"]
[Source "ChessBase"]
[SourceDate "2012.11.22"]
[SourceVersion "1"]
[SourceVersionDate "2012.11.22"]
[SourceQuality "1"]

1. e4 c5 2. Nf3 d6 3. c3 Nc6 4. d4 cxd4 5. cxd4 Bg4 6. Bb5 g6 7. Qa4 Qc8 8. d5 Bg7 9. Bxc6+ bxc6 10. dxc6 Qc7 11. 0-0 Bxf3 12. gxf3 Nf6 13. Nc3 a6 14. Bf4 0-0 15. Nd5 Nxd5 16. exd5 Bxb2 17. Rab1 Bg7 18. Qb4 a5 19. Qb7 Qc8 20. Qxc8 Rfxc8 21. Rb7 Bf6 22. Rfb1 g5 23. c7 gxf4 24. Rb8 Kg7 25. Rxc8 Rxc8 26. Rb8 Rxc7 27. Ra8 Rc5 28. Kf1 Rxd5 29. Ke2 Rh5 0-1

[Event "Fyli op 4th"]
[Site "Fyli"]
[Date "2012.04.07"]
[Round "3"]
[White "Balamoti, Kiriaki"]
[Black "Balamotis, Vasilis"]
[Result "1-0"]
[WhiteElo "1010"]
[BlackElo "1005"]
[PlyCount "145"]
[EventDate "2012.03.24"]
[EventType "swiss"]
[EventRounds "7"]
[EventCountry "GRE"]
[SourceTitle "EXT 2013"]
[Source "ChessBase"]
[SourceDate "2012.11.22"]
[SourceVersion "1"]
[SourceVersionDate "2012.11.22"]
[SourceQuality "1"]

1. d4 d5 2. c4 c5 3. dxc5 Nf6 4. cxd5 e5 5. b4 Na6 6. Ba3 Bf5 7. Nc3 Rc8 8. Qa4+ Bd7 9. Qc2 Be7 10. Rd1 0-0 11. d6 Bc6 12. dxe7 Qxe7 13. e4 Nc7 14. Bc4 Rcd8 15. Nf3 Rxd1+ 16. Nxd1 Bxe4 17. Qe2 Rd8 18. 0-0 b5 19. Nd2 bxc4 20. Nxe4 Nxe4 21. Qxe4 Qd7 22. Qe2 Nb5 23. Bb2 a6 24. a4 Nc7 25. Ne3 Qxa4 26. Bxe5 Qxb4 27. Bxc7 Rd7 28. Bf4 Qxc5 29. Nxc4 Rd4 30. Qe8+ Qf8 31. Qxf8+ Kxf8 32. Be5 Rxc4 33. Ra1 Rc6 34. Bf4 Rc4 35. g3 Rc6 36. Kg2 f6 37. Kf3 Rc3+ 38. Kg2 g5 39. Bd6+ Ke8 40. Rxa6 Kd7 41. f4 Rd3 42. fxg5 fxg5 43. Bf8 h5 44. h4 Rd2+ 45. Kf3 g4+ 46. Kf4 Rf2+ 47. Kg5 Rxf8 48. Kxh5 Rg8 49. Ra4 Ke6 50. Rxg4 Rh8+ 51. Kg6 Rg8+ 52. Kh5 Rh8+ 53. Kg5 Rg8+ 54. Kf4 Rf8+ 55. Ke4 Kd6 56. Rg6+ Kd7 57. g4 Re8+ 58. Kf5 Rf8+ 59. Rf6 Rh8 60. h5 Ke7 61. h6 Rd8 62. g5 Rd1 63. h7 Rf1+ 64. Kg6 Rh1 65. Kg7 Kd7 66. h8Q Rxh8 67. Kxh8 Ke7 68. Kh7 Kd7 69. g6 Kc7 70. g7 Kb7 71. g8Q Ka7 72. Qg7+ Ka8 73. Rf8# 1-0

[Event "West Attica-ch U12 7th"]
[Site "Karpenisi"]
[Date "2011.09.06"]
[Round "2.4"]
[White "Balamotis, Vasilis"]
[Black "Aliberti, Eleni"]
[Result "0-1"]
[WhiteElo "1010"]
[BlackElo "1000"]
[PlyCount "33"]
[EventDate "2011.09.06"]
[EventType "swiss"]
[EventRounds "7"]
[EventCountry "GRE"]
[SourceTitle "EXT 2024"]
[Source "ChessBase"]
[SourceDate "2023.10.10"]
[SourceVersion "1"]
[SourceVersionDate "2023.10.10"]
[SourceQuality "1"]

1. e4 e5 2. Nc3 Nf6 3. Nf3 Nc6 4. Bc4 Nxe4 5. Ng5 Nxg5 6. 0-0 Bc5 7. Qh5 Qe7 8. d3 Ne6 9. Ne4 Qd8 10. Bd2 Ncd4 11. Ba5 b6 12. Bc3 h6 13. Rae1 d5 14. Bxd5 Rb8 15. Qxe5 Bb7 16. Bxb7 Rxb7 17. a3 0-1